| Record ID | ia:herbertbinnsflyi00cas_omt |
| Source | Internet Archive |
| Download MARC XML | https://archive.org/download/herbertbinnsflyi00cas_omt/herbertbinnsflyi00cas_omt_marc.xml |
| Download MARC binary | https://www.archive.org/download/herbertbinnsflyi00cas_omt/herbertbinnsflyi00cas_omt_meta.mrc |
LEADER: 00982cam 2200289 a 4500
001 86013441
003 DLC
005 19990716000000.0
008 860520t19871986nyua j 000 1 eng
010 $a 86013441
020 $a0803700415
040 $aDLC$cDLC$dDLC
042 $alcac
050 00 $aPZ7.C268725$bHe 1987
082 00 $a[E]$219
100 1 $aCastle, Caroline.
245 10 $aHerbert Binns & the flying tricycle /$cCaroline Castle & Peter Weevers.
250 $a1st ed.
260 $aNew York :$bDial Books for Young Readers,$c1987, c1986.
300 $a[32] p. :$bcol. ill. ;$c29 cm.
520 $aHerbert Binns is such a clever mouse that some of the other animals are jealous of his talents and plot to sabotage his new invention, a flying tricycle.
650 1 $aInventors$xFiction.
650 1 $aFlying machines$xFiction.
650 1 $aMice$xFiction.
650 1 $aAnimals$xFiction.
700 1 $aWeevers, Peter.
740 0 $aHerbert Binns and the flying tricycle.